structure and properties of materials / (Record no. 24153)
[ view plain ]
| 000 -LEADER | |
|---|---|
| fixed length control field | 00772nam a2200253 a 4500 |
| 001 - CONTROL NUMBER | |
| control field | 24153 |
| 003 - CONTROL NUMBER IDENTIFIER | |
| rucl marc code | BD-RjUL |
| 005 - DATE AND TIME OF LATEST TRANSACTION | |
| control field | 20211209001021.0 |
| 008 - FIXED-LENGTH DATA ELEMENTS--GENERAL INFORMATION | |
| fixed length control field | 140312s2006 enka b 001 0 eng d |
| 020 ## - INTERNATIONAL STANDARD BOOK NUMBER | |
| International Standard Book Number | 1842652184 |
| International Standard Book Number | 9781842652183 |
| 035 ## - SYSTEM CONTROL NUMBER | |
| System control number | (OCoLC)ocm62277402 |
| 040 ## - CATALOGING SOURCE | |
| Original cataloging agency | COD |
| Transcribing agency | COD |
| Modifying agency | BAKER |
| -- | YDXCP |
| -- | BTCTA |
| -- | BD-RjUL |
| Language of cataloging | eng |
| 041 ## - LANGUAGE CODE | |
| Language code of text/sound track or separate title | eng |
| 082 ## - DEWEY DECIMAL CLASSIFICATION NUMBER | |
| Classification number | 541.0421 |
| Author mark and year | STR |
| 245 10 - TITLE STATEMENT | |
| Title | structure and properties of materials / |
| Statement of responsibility, etc. | Edited by B. Viswanathan |
| 260 ## - PUBLICATION, DISTRIBUTION, ETC. (IMPRINT) | |
| Place of publication, distribution, etc. | Dellah : |
| Name of publisher, distributor, etc. | Narosa publication House, |
| Date of publication, distribution, etc. | 2006. |
| 300 ## - PHYSICAL DESCRIPTION | |
| Pagination | viii, 131 p. : |
| Illustrations | ill. ; |
| Size | 25 cm. |
| 504 ## - BIBLIOGRAPHY, ETC. NOTE | |
| Bibliography, etc | Includes bibliographical references (p. [588]-590) and index. |
| 650 #0 - SUBJECT ADDED ENTRY--TOPICAL TERM | |
| Topical term or geographic name as entry element | Solid state physics. |
| 9 (RLIN) | 74412 |
| 942 ## - ADDED ENTRY ELEMENTS (KOHA) | |
| Source of classification or shelving scheme | Dewey Decimal Classification |
| Koha item type | Books |
| Lost status | Source of classification or shelving scheme | Damaged status | Not for loan | Collection code | Permanent Location | Current Location | Shelving location | Date acquired | Source of acquisition | Cost, normal purchase price | Total Checkouts | Full call number | Date last seen | Copy number | Koha item type |
|---|---|---|---|---|---|---|---|---|---|---|---|---|---|---|---|
| Dewey Decimal Classification | Non-fiction | Central Library, University of Rajshahi | Central Library, University of Rajshahi | 29/09/2010 | Paragon Enterprise dacca | 120.00 | 541.0421 STR 2006 | 12/03/2014 | C-5 | Books |